कुटुंब-मित्र / (Record no. 48633)

MARC details
000 -LEADER
fixed length control field 01107nam a22002537a 4500
005 - DATE AND TIME OF LATEST TRANSACTION
control field 20101118144940.0
008 - FIXED-LENGTH DATA ELEMENTS--GENERAL INFORMATION
fixed length control field 101118t xxu||||| |||| 00| 0 mar d
010 ## - LCCN (DPL NO)
LC control number MAR-20366
020 ## - INTERNATIONAL STANDARD BOOK NUMBER
Terms of availability 185.00
035 ## - SYSTEM CONTROL NUMBER
System control number MR-13024
037 ## - SOURCE OF ACQUISITION
Source of stock number/acquisition DBAD / PUB
040 ## - CATALOGING SOURCE
Original cataloging agency DPL
Language of cataloging MR
082 ## - DEWEY DECIMAL CLASSIFICATION NUMBER
Classification number 306.85
100 ## - MAIN ENTRY--PERSONAL NAME
Personal name कोकजे,अ वा
9 (RLIN) 24359
245 ## - TITLE STATEMENT
Title कुटुंब-मित्र /
Statement of responsibility, etc अ वा कोकजे
246 ## - VARYING FORM OF TITLE
Title proper/short title Kuthumb-Mitr
Remainder of title by A V Kokje
260 ## - PUBLICATION, DISTRIBUTION, ETC. (IMPRINT)
Place of publication, distribution, etc मुंबई
Name of publisher, distributor, etc नवचैतन्य प्रकाशन
Date of publication, distribution, etc 2010
270 ## - ADDRESS
Address सी-11,तळमजला, न्यू गजांत को-ऑप-सोसायटी,एस व्ही रोड,बोरिवली( प.)
City मुंबई
Postal code 400092
300 ## - PHYSICAL DESCRIPTION
Extent 192पृ
Other physical details 21सेमी (अजिल्द)
650 ## - SUBJECT ADDED ENTRY--TOPICAL TERM
9 (RLIN) 24360
650 ## - SUBJECT ADDED ENTRY--TOPICAL TERM
9 (RLIN) 24361
942 ## - ADDED ENTRY ELEMENTS (KOHA)
Source of classification or shelving scheme Dewey Decimal Classification
Item type Marathi Books
Call number suffix कोकजे,
Classification part 306.85
Holdings
Withdrawn status Lost status Source of classification or shelving scheme Damaged status Not for loan Collection code Home library Current library Date acquired Source of acquisition Cost, normal purchase price Total Checkouts Full call number Barcode Date last seen Copy number Cost, replacement price Koha item type
    Dewey Decimal Classification   Not For Loan Non-fiction D.B.Act.Division D.B.Act.Division 19/11/2010 DBAD / PUB 185.00   306.85 कोकजे, MR-13024 19/11/2010 1 185.00 Marathi Books

© Delhi Public Library
Hit Counter
free hit counter